El barman científico : tratado de alcohología /

En el fondo del barril están las bebidas, y en este libro el autor, nos pasea por bodegas, fermentos, destilados, burbujas y leyendas varias, conveniéndonos de que, además de merecer una mirada científica, las bebidas también son parte de la cultura que supimos conseguir.

Guardado en:
Autor Principal: Di Genova, Facundo, 2016.
Formato: Libro
Idioma:Undetermined
Publicado: Buenos Aires : Siglo XXI, 2016.
Edición:1era ed.
Series:Ciencia que ladra...
Materias:
Etiquetas: Agregar Etiqueta
Sin Etiquetas, Sea el primero en etiquetar este registro!
LEADER 00977nam a22002175a 4500
001 CEM.cems025187
008 260518s2016####ag#a##########000#0#und#d
005 20260519090149.0
245 1 0 |a El barman científico :  |b tratado de alcohología /  |c Facundo Di Genova. 
250 |a 1era ed. 
260 |a Buenos Aires :  |b Siglo XXI,  |c 2016. 
300 |a 240 p. :  |b il. ;  |c 14 cm. 
490 1 |a Ciencia que ladra... 
520 |a En el fondo del barril están las bebidas, y en este libro el autor, nos pasea por bodegas, fermentos, destilados, burbujas y leyendas varias, conveniéndonos de que, además de merecer una mirada científica, las bebidas también son parte de la cultura que supimos conseguir. 
020 |a 9789876296557 
100 1 |a Di Genova, Facundo,  |d 2016. 
082 0 4 |a 641.21 
653 |a Bebidas alcohólicas 
653 |a Bebidas 
859 |a CEMS  |b BIB. CEMS - Agricultura  |h 641.21  |i D569  |p A4174.26  |t Ej.1 
859 |a CEMS  |b BIB. CEMS - Agricultura  |h 641.21  |i D569  |p A4175.26  |t Ej.2